Play Therapy.

Bibliographic Details
Main Author: Axline, Virginia M.
Format: Libro
Language:English
Published: New York Ballantine Books 1969
Subjects:

MARC

LEADER 00000cam a2200000 a 4500
001 018550
003 UAHC_CL
005 20170803121638.0
008 030314b xx j 000 1 eng
040 |a UAHC_CL  |c UAHC_CL  |d UAHC_CL 
100 1 |a Axline, Virginia M. 
245 1 0 |a Play Therapy. 
260 |b Ballantine Books  |a New York  |c 1969 
300 |a 374 p. 
650 4 |a PSICOLOGIA INFANTIL 
900 |a 618.92 AXL 
942 |c BK 
952 |0 0  |1 0  |4 0  |6 618_920000000000000_AXL  |7 0  |8 General  |9 37174  |a BC  |b BC  |c General  |d 2017-08-03  |l 0  |o 618.92 AXL  |p 1303335  |r 2026-01-13 00:00:00  |t 1  |w 2017-08-03  |y BK 
999 |c 18550  |d 18550